000 04701cam a2200385 i 4500
999 _c65733
_d65733
001 768714001
003 CO-MdFUSB
005 20200729120658.0
007 ta
008 970922t1998 ctu b 000 0 eng
010 _a 97040802
020 _a0945774397
_q(paperback;)
_q(alk. paper)
020 _a9780945774396
_q(paperback;)
_q(alk. paper)
040 _aDLC
_beng
_erda
_cCO-MdFUSB
_dBAKER
_dCO-MdFUSB
_dBTCTA
_dYDXCP
_dMNJ
_dCPE
_dVUE
_dBDX
_dPSM
_dOCLCF
_dOCLCO
_dP4I
_dOCLCQ
_dOCL
_dOCLCQ
041 1 _aeng
082 _223
_a891.8615
_bS459
100 1 _aSeifert, Jaroslav,
_d1901-1986.
_eautor
240 1 0 _aPoems.
245 1 4 _aThe poetry of Jaroslav Seifert /
_cSeifert, Jaroslav. ; traducido por Ewald Osers ; editado George Gibian.
264 1 _aNorth Haven, CT :
_bCatbird Press,
_c[1998]
264 4 _c©1998.
300 _a255 páginas ;
_c22 cm.
336 _atexto
_btxt
_2rdacontent.
337 _asin mediación
_bn
_2rdamedia.
338 _avolumen
_bnc
_2rdacarrier.
504 _aIncluye referencias bibliográficas (páginas 253).
505 _aPoema de apertura - Ciudad pecaminosa - Una canción sobre niñas - Fruta al rojo vivo - Luna de miel - Filosofía - El abanico - Moscú - Manzano con cuerdas de telaraña - Panorama - Baile de las camisas de las niñas - - Canción - Praga - Imagen húmeda - Noviembre de 1918 - Separación - La vela de cera - Cien veces Nada - Diálogo - Funeral bajo mi ventana - Transformaciones - El año 1934 - Las manos de Venus - Viñedos españoles - Saludo a las barricadas de Madrid - Tienes la piel pálida como una gota de nieve ... - Túnica en la luz (primer canto) - Canción de la tierra nativa - A Praga - En la tumba de la Reyes checos - Cuando en los libros de historia ...
505 0 _a- The Dead of Lidice - Qué doloroso lo encontraría ... - Amantes, esos peregrinos nocturnos ... - A veces estamos atados ... - - Si se pudiera decir el corazón ... - Susurros renuentes de labios besados ​​... - Canción de la basura - Una canción al final - Cometa Halley - Basílica de San Jorge - La Cúpula del Observatorio - Prólogo - Solo una vez ... - Si c toda poesía ... - En una de sus lecturas ... - El grito de los espectros - Lugar de peregrinación - Jardines del canal - La columna de la peste - Tiovivo con cisne blanco - Una guirnalda of Sage - The Model - Oscuridad nocturna - El golpe del reloj de la torre - Las voces de los pájaros en las copas de los árboles - En una habitación vacía - La canción del ruiseñor - El humo de la marihuana - Y ahora Adiós - Autobiografía - La caza del martín pescador - Huellas digitales - Silencio lleno de trineos - La cabeza de la Virgen María - Sombrero de copa del Sr. Krosing - Una guirnalda en la muñeca - Paraíso perdido - Ventana en Alas de pájaros - Berthe Soucaret - La amante de los poetas - Una visita al pintor Vladimir Komarek - Una perspectiva de Praga - Ferretería lunar - Lucha con el ángel - Un paraguas de Piccadilly - El pabellón real - - Lluvia de noviembre - Fragmento de una carta - Cuatro pequeñas ventanas - La tumba del signor Casanova - Ser un poeta - El bombardeo de la ciudad de Kralupy - Versos de un viejo tapiz - Un concierto de Bach - Divertimento nocturno - Vista desde el Puente de Carlos - Nuestra Señora de Zizkov - La Torre de relevos - Informe de demolición - Canción de un Intermezzo - Líneas para la pintora Ota Janecek - Sobre mis padres - - El colegial y la prostituta - Cómo me convertí en poeta - Publicación de mi tercer libro - Sobre Hasek, autor de El buen soldado Svejk - Un día en el país - Sobre el teige: un macabro danse en Smichov - Unos minutos antes de la ejecución: mayo de 1945 - Una reunión después de la guerra - Una entrevista sobre el arte de escribir.
520 _aEn 1984, Jaroslav Seifert (1901-1986) fue el primer checo en ganar el Premio Nobel de Literatura. Aunque Seifert vivió los muchos cambios históricos de su tierra natal, la suya no fue una poesía política, excepto en su constante expresión de amor por su tierra natal, sus bellezas y sus valores. Fue el gran poeta de Praga, del amor, de los sentidos. Su trabajo fue sin pretensiones, lírico pero irreverente, terroso, encantador. Seifert era conocido por la simplicidad de su verso, pero sus poemas están llenos de sorpresas, nunca lo que parecen al principio. Están marcados por imágenes bellas o cómicas, por valores buenos y profundos, y por el amor en todas sus formas. Esta es una colección de poesía escrita a lo largo de su vida.
653 _aPoesía Checa
700 1 _aOsers, Ewald,
_d1917-2011.
_etraductor
700 1 _aGibian, George.
_eeditor
942 _cBK
945 _aJTF-925